The Interaction s of Hadrons

Na minha lista:
Detalhes bibliográficos
Autor principal: Pilkuhn, Hartmut (Author)
Formato: Livro
Publicado em: Amsterdam : North - Holland Company, 1967
Tags: Adicionar Tag
Sem tags, seja o primeiro a adicionar uma tag!

MARC

LEADER 00000nam a22000003a 4500
001 stu88459
005 20150617225627.5
008 040629s1967----ne----------------------d
040 |a STU  |b slo 
041 0
044 |a ne 
080 |a 539.126 
100 1 |a Pilkuhn, Hartmut  |4 aut 
245 1 |a The Interaction s of Hadrons 
260 |a Amsterdam :  |b North - Holland Company,  |c 1967 
300 |a 375 s 
996 |b 284J022011  |c J*28332  |l JJK16  |s P  |a 0  |w stu88459_0001